PSYCHIATRY BY TEN TEACHERS (Record no. 14989)

MARC details
000 -LEADER
fixed length control field 00262nam a22001217a 4500
003 - CONTROL NUMBER IDENTIFIER
control field SGT
082 ## - DEWEY DECIMAL CLASSIFICATION NUMBER
Classification number 616.89
Item number P17D
100 ## - MAIN ENTRY--PERSONAL NAME
Personal name DOGRA, NISHA
245 ## - TITLE STATEMENT
Title PSYCHIATRY BY TEN TEACHERS
260 ## - PUBLICATION, DISTRIBUTION, ETC. (IMPRINT)
Place of publication, distribution, etc ROCA RATON
Name of publisher, distributor, etc CRC
Year of Publication 2017
300 ## - PAGE DESCRIPTION
No. of Pages 281
942 ## - ADDED ENTRY ELEMENTS (KOHA)
Source of classification or shelving scheme Dewey Decimal Classification
Koha item type Books
942 ## - ADDED ENTRY ELEMENTS (KOHA)
-- 1
Holdings
Withdrawn status Lost status Source of classification or shelving scheme Damaged status Not for loan Collection code Home library Current library Shelving location Date acquired Vendor Name SGTU Total Checkouts Full call number Accession No. (Barcode) Date last seen Bill Date Koha item type Date last borrowed
    Dewey Decimal Classification     MEDICAL SGT Medical Library SGT Medical Library Reference Book 31/01/2018 ABC SGTU   616.89 P17D FM9854 31/01/2018 31/01/2018 Books  
    Dewey Decimal Classification     MEDICAL SGT Medical Library SGT Medical Library Reference Book 31/01/2018 ABC SGTU 3 616.89 P17D FM9855 07/01/2026 31/01/2018 Books 10/12/2025